| 000 | 00825nam a2200265 a 4500 | ||
|---|---|---|---|
| 001 | BD-DhNSU-30964 | ||
| 003 | BD-DhNSU | ||
| 005 | 20260422112638.0 | ||
| 008 | 260422s2025 bg ||||g vw|| 000 0|eng|d | ||
| 040 |
_aBD-DhNSU _cBD-DhNSU |
||
| 041 | _aeng | ||
| 050 | 0 | 0 |
_aKNG19 _b.A2B36 2025 |
| 245 | 0 | 4 |
_aThe Bangladesh law chronicles : _b(a monthly law journal) , _nVol. 30 / _cedited by Faria Huq. |
| 246 | 0 |
_aB.L.C. _bVolume XXX |
|
| 260 |
_aDhaka : _bBangladesh Law Chronicles, _c2025. |
||
| 300 |
_avp. ; _c25 cm. |
||
| 500 | _aRegd DA- 1722 | ||
| 504 | _aCit. 30 BLC (AD); 30 BLC etc. | ||
| 526 | 0 | _aLaw | |
| 590 | _aSumaiya Kainat Bintey Kohinoor | ||
| 650 | 0 |
_aLaw reports, digests, etc. _zBangladesh. |
|
| 650 | 0 |
_aLaw reports, digests, etc. _zIndia _zBengal. |
|
| 700 | 1 |
_aHuq, Faria _eeditor |
|
| 942 |
_2lcc _cBK |
||
| 999 |
_c30964 _d30964 |
||